La unifikazión de las medidas

Saved in:
Bibliographic Details
Main Author: Cabezón, Carlos (Author)
Format: Book
Language:Spanish
Published: Valparaíso Kárlos Kabezón 1897
Edition:1a. ed
Subjects:
Tags: Add Tag
No Tags, Be the first to tag this record!

MARC

LEADER 00000nam a2200000 a 4500
001 UCJ4592
003 CL-VaPUC
005 20201210140422.0
008 070124e18970000CL |||||||||||||||||spa|d
999 |c 320708  |d 320706 
040 |c Pontificia Universidad Católica de Valparaíso 
082 0 4 |a 090  |b KAB  |2 21 
100 |a Cabezón, Carlos  |e author  |9 508599 
245 1 3 |a La unifikazión de las medidas 
246 1 3 |a La unificación de las medidas 
250 |a 1a. ed 
260 |a Valparaíso  |b Kárlos Kabezón  |c 1897 
300 |a 61 p 
500 |a Libro raro por estar escrito de acuerdo con las normas ortográficas que propiciaban los autodenóminados Neógrafos 
583 |a last modification  |c 20070124 00:00:00  |k Rodrigo Vera 
650 7 |a PESOS  |2 CL-VaPUC  |9 387973 
650 7 |a MEDIDAS  |2 CL-VaPUC  |9 389924 
650 7 |a METROLOGIA  |2 CL-VaPUC  |9 271765 
650 7 |a ORTOGRAFIA RACIONAL  |2 CL-VaPUC  |9 342450 
650 7 |a NEOGRAFOS  |2 CL-VaPUC  |9 342451 
650 7 |a LIBRO RARO  |2 CL-VaPUC  |9 504169 
852 |a BIBCUR 
942 |c BK  |2 ddc 
945 |d 20070124 00:00:00  |a rinostro 
952 |0 0  |1 0  |4 0  |6 090_000000000000000_KAB_1897  |7 0  |8 X  |9 399289  |a FDOBUD  |b FDOBUD  |d 2019-11-22  |i 1022210  |o 090 KAB 1897  |p 1022210  |r 2019-11-22  |w 2019-11-22  |y BK_X  |k BUD